La devoción a la Virgen de San Juan de los Lagos. Apuntes sobre cuatrocelebraciones. /

La autora propone un conjunto de apreciaciones basadas en un estudio de caso, aquí sobre una devoción popular mexicana: la de la Virgen de San Juan de los Lagos. Como en otros de los resultados presentados en el libro, sus tesis se sostienen en una investigación de campo realizado in situ, y que se...

पूर्ण विवरण

में बचाया:
ग्रंथसूची विवरण
मुख्य लेखक: Pérez Cruz, Ofelia
स्वरूप: मूलपाठ
विषय:
टैग: टैग जोड़ें
कोई टैग नहीं, इस रिकॉर्ड को टैग करने वाले पहले व्यक्ति बनें!

MARC

LEADER 00000 a a2200000 04500
001 40173
003
040
100 |a Pérez Cruz, Ofelia  
245 |a  La devoción a la Virgen de San Juan de los Lagos. Apuntes sobre cuatrocelebraciones. /  |c Ofelia Pérez Cruz 
520 |a La autora propone un conjunto de apreciaciones basadas en un estudio de caso, aquí sobre una devoción popular mexicana: la de la Virgen de San Juan de los Lagos. Como en otros de los resultados presentados en el libro, sus tesis se sostienen en una investigación de campo realizado in situ, y que se halla aún en proceso de desarrollo.  
590 |a RRA/ENERO2011  
650 |a 1.RELIGION  
650 |a 2.PRACTICA RELIGIOSA  
650 |a 3.CATOLICISMO  
650 |a 4.MEXICO  
650 |a 5.COMPORTAMIENTO SOCIAL  
773 |g páginas 319-335  
999 |c 36875  |d 36875